Grab that wallet! : (Record no. 75410)

MARC details
000 -LEADER
fixed length control field 00614nam a22002057a 4500
005 - DATE AND TIME OF LATEST TRANSACTION
control field 20130510121428.0
010 ## - LCCN (DPL NO)
LC control number ENG-107092
020 ## - INTERNATIONAL STANDARD BOOK NUMBER
International Standard Book Number 9781259028427
Terms of availability 495.00
020 ## - INTERNATIONAL STANDARD BOOK NUMBER
International Standard Book Number 1259028429
Terms of availability 495.00
035 ## - SYSTEM CONTROL NUMBER
System control number EN-90625
037 ## - SOURCE OF ACQUISITION
Source of stock number/acquisition DBAD/PUB
082 ## - DEWEY DECIMAL CLASSIFICATION NUMBER
Classification number 332
100 ## - MAIN ENTRY--PERSONAL NAME
Personal name Sharma,Sushil
245 ## - TITLE STATEMENT
Title Grab that wallet! :
Statement of responsibility, etc by Sushil Sharma
Remainder of title a book on financial services marketing /
260 ## - PUBLICATION, DISTRIBUTION, ETC. (IMPRINT)
Place of publication, distribution, etc New Delhi
Name of publisher, distributor, etc Tata McGraw Hill
Date of publication, distribution, etc 2013
270 ## - ADDRESS
Address 7 West Patel Nagar
City New Delhi
Postal code 110008
300 ## - PHYSICAL DESCRIPTION
Extent ix,191p. :
Other physical details ill.
Dimensions 22cm(pbk)
500 ## - GENERAL NOTE
General note Includes index
942 ## - ADDED ENTRY ELEMENTS (KOHA)
Source of classification or shelving scheme Dewey Decimal Classification
Item type English Books
Classification part 332
Call number suffix SHA
Holdings
Withdrawn status Lost status Not for loan Collection code Home library Current library Date acquired Source of acquisition Cost, normal purchase price Full call number Barcode Copy number Cost, replacement price Koha item type
    Not For Loan Non-fiction D.B.Act.Division D.B.Act.Division 10/05/2013 DBAD/PUB 495.00 332 SHA EN-90625 1 495.00 English Books

© Delhi Public Library
Hit Counter
free hit counter